000 00307nam a2200133Ia 4500
008 240624s9999 xx 000 0 und d
041 _aeng
082 _a658.85 GIR
100 _aGIRARD JOE
245 _aHOW TO SELL ANYTHING TO ANYBODY
260 _c2006
_bFireside
300 _a192 : p.
365 _c
_b25
999 _c17533
_d17533